00414nam a2200145 a 450000500170000000800410001702000180005805000250007610000160010124500380011725000120015526000340016730000290020165000380023020140310183522.0110824s19uu xx 00 eng d a9780071276368 aQD 453.3 b.L48 2009 aLevine, Ira aPhysical chemistry /cIra Levine. a6th ed. aBoston :bMcGraw Hill,c2009. a989 p. :bill. ;c26 cm. aChemistry, physical & theoretical